Алгебра і початки аналізу. 10–11 кл. (Запис № 326759)

МАРК-запис
000 -Лідер
fixed length control field 00775nam a22002417a 4500
001 - Контрольний номер
control field 40620
003 - Ідентифікатор контрольного номера
control field UA-OsUOA
005 - Дата та час останнього входження (трансакції)
control field 20220919151513.0
007 - Фіксоване поле фізичного опису
fixed length control field ta
008 - Елементи даних фіксованої довжини – загальна інформація
fixed length control field 20060817b un ||||| |||| 00| 0 ukr d
020 ## - Міжнародний стандартний книжковий номер (ISBN)
Міжнародний стандартний книжковий номер (ISBN) (НП) 5770766743
040 ## - Джерело каталогізації
Агенція оригінальної каталогізації UA-OsUOA
Мова каталогізації ukr
Агенція, яка здійснювала перезапис UA-OsUOA
Агенція, яка здійснювала модифікацію UA-OsUOA
041 ## - Код мови
Код мови тексту/ звукової доріжки чи окремого заголовка (П) ukr
080 ## - Індекс Універсальної десяткової класифікації
Індекс Універсальної десяткової класифікації (УДК) (НП) 512(075)
090 ## - Локальний шифр розміщення
Класифікаційний індекс УДК 512(075)
Авторський знак (НП) Ш66
100 ## - Основне введення – ім’я особи
Ім’я особи (НП) Шкіль М. І.
245 ## - Відомості про назву
Назва (НП) Алгебра і початки аналізу. 10–11 кл.
Решта назви (НП) пробний підручник для 10–11 класів середньої школи
Дані про відповідальність (НП) М. І. Шкіль, З. І. Слепкань, О. С. Дубинчук
260 ## - Публікація, розповсюдження і т.п. (Вихідні дані)
Місце публікації, розповсюдження і т.п. (П) К.
Ім’я/ наймення видавництва, розповсюджувача і т.п. (П) Зодіак-Еко
Дата публікації, розповсюдження і т.п. (П) 1995
300 ## - Фізичний опис
Обсяг 608 с.
650 #7 - Додаткове предметне введення – тематичний термін
Тематичний термін чи географічна назва, як елемент введення (НП) 512 Алгебра
Джерело заголовка чи терміна UDC
942 ## - Додаткові елементи входу (Коха)
Тип елемента Koha Книги
Source of classification or shelving scheme Universal Decimal Classification
955 ## - Код типу видання за змістом
Код типу видання за змістом (НП) Навчальні видання
Фонди
Стан вилучень Стан втрат Джерело класифікації або схеми стелажів Стан уражень Не для кредиту Постійне місце розташування Поточне розміщення Дата придбання Інвентарний номер Усього замовленно Усього утримується Повний номер виклику Штрих-код Дата останнього перегляду Ціна ефективна від Тип елемента Koha
    Universal Decimal Classification     АБ - Абонемент НБ АБ - Абонемент НБ 17/08/2006 6934   1 512(075) Ш66 6934 29/09/2021 17/08/2006 Книги
    Universal Decimal Classification     АБ - Абонемент НБ АБ - Абонемент НБ 17/08/2006 6938     512(075) Ш66 6938 24/12/2021 17/08/2006 Книги
    Universal Decimal Classification     АБ - Абонемент НБ АБ - Абонемент НБ 28/08/2012 6940     512(075) Ш66 6940 23/12/2021 17/08/2006 Книги
    Universal Decimal Classification     АБ - Абонемент НБ АБ - Абонемент НБ 17/08/2006 6941     512(075) Ш66 6941 24/12/2021 17/08/2006 Книги
Withdrawn   Universal Decimal Classification     АБ - Абонемент НБ АБ - Абонемент НБ 17/08/2006 6942     512(075) Ш66 6942 13/07/2019 17/08/2006 Книги
Withdrawn   Universal Decimal Classification     АБ - Абонемент НБ АБ - Абонемент НБ 17/08/2006 6943     512(075) Ш66 6943 13/07/2019 17/08/2006 Книги